Legendary Pokémon - Picture Quiz - Statistics

General Stats
  • This quiz has been taken 30 times
    18 since last reset
  • The average score is 55 of 71
Answer Stats
Picture Answer % Correct
Dialga
100%
Giratina
100%
Groudon
100%
Palkia
100%
Rayquaza
100%
Articuno
92%
Ho-Oh
92%
Kyogre
92%
Lugia
92%
Moltres
92%
Regice
92%
Regigigas
92%
Regirock
92%
Registeel
92%
Yveltal
92%
Zapdos
92%
Entei
85%
Eternatus
85%
Heatran
85%
Latias
85%
Latios
85%
Mew Two
85%
Raikou
85%
Regidrago
85%
Reshiram
85%
Suicune
85%
Terrakion
85%
Zamazenta
85%
Zekrom
85%
Azelf
77%
Cobalion
77%
Cresselia
77%
Kyurem
77%
Lunala
77%
Mesprit
77%
Necrozma
77%
Solgaleo
77%
Tapu Bulu
77%
Tapu Koko
77%
Tapu Lele
77%
Thundurus
77%
Tornadus
77%
Type: Null
77%
Uxie
77%
Virizion
77%
Xerneas
77%
Zacian
77%
Zygarde
77%
Chien-Pao
69%
Cosmog
69%
Landorus
69%
Ogerpon
69%
Regieleki
69%
Silvally
69%
Tapu Fini
69%
Ting-Lu
69%
Urshifu
69%
Calyrex
62%
Chi-Yu
62%
Cosmoem
62%
Enamorus
62%
Fezandipiti
62%
Koraidon
62%
Kubfu
62%
Miraidon
62%
Munkidori
62%
Terapagos
62%
Wo-Chien
62%
Glastrier
54%
Okidogi
54%
Spectrier
54%
No matching quizzes found
Score Distribution
Percent of People with Each Score
Percentile by Number Answered
Your Score History
You have not taken this quiz since the last reset